Himalaya : (Record no. 64)

MARC details
000 -LEADER
fixed length control field 00955cam a2200277 a 4500
005 - DATE AND TIME OF LATEST TRANSACTION
control field 20260322212005.0
008 - FIXED-LENGTH DATA ELEMENTS--GENERAL INFORMATION
fixed length control field data
010 ## - LIBRARY OF CONGRESS CONTROL NUMBER
LC control number 90036197
040 ## - CATALOGING SOURCE
Original cataloging agency DLC
Transcribing agency DLC
Modifying agency DLC
042 ## - AUTHENTICATION CODE
Authentication code lcac
043 ## - GEOGRAPHIC AREA CODE
Geographic area code ah-----
050 00 - LIBRARY OF CONGRESS CALL NUMBER
Classification number DS485.H6
Item number R48 1991
082 00 - DEWEY DECIMAL CLASSIFICATION NUMBER
Classification number 954.96
Edition information 20
092 ## - LOCALLY ASSIGNED DEWEY CALL NUMBER (OCLC)
Classification number 954.96 R48 1991
001 - CONTROL NUMBER
control field data
100 1# - MAIN ENTRY--PERSONAL NAME
Personal name Reynolds, Jan,
Dates associated with a name 1956-
245 10 - TITLE STATEMENT
Title Himalaya :
Remainder of title vanishing cultures /
Statement of responsibility, etc. Jan Reynolds.
250 ## - EDITION STATEMENT
Edition statement 1st ed.
260 ## - PUBLICATION, DISTRIBUTION, ETC.
Place of publication, distribution, etc. San Diego :
Name of publisher, distributor, etc. Harcourt Brace Jovanovich,
Date of publication, distribution, etc. c1991.
300 ## - PHYSICAL DESCRIPTION
Extent [32] p. :
Other physical details col. ill. ;
Dimensions 23 x 29 cm.
440 #0 - SERIES STATEMENT/ADDED ENTRY--TITLE
Title Vanishing cultures series
520 ## - SUMMARY, ETC.
Summary, etc. Describes the customs and day-to-day life of a family living in the Himalaya Mountains.
651 #0 - SUBJECT ADDED ENTRY--GEOGRAPHIC NAME
Geographic name Himalaya Mountains Region
General subdivision Juvenile literature.
-- Juvenile literature.
651 #0 - SUBJECT ADDED ENTRY--GEOGRAPHIC NAME
Geographic name Himalaya Mountains Region
General subdivision Juvenile literature.
-- Pictorial works
-- Juvenile literature.
651 #1 - SUBJECT ADDED ENTRY--GEOGRAPHIC NAME
Geographic name Himalaya Mountains Region
General subdivision Social life and customs.
Holdings
Withdrawn status Lost status Damaged status Not for loan Home library Current library Shelving location Date acquired Total checkouts Full call number Barcode Date last seen Price effective from Koha item type
        Pleasant Valley Pleasant Valley General stacks 22/03/2026   954.96 20 BC0010066 22/03/2026 22/03/2026 Books